00544nam a2200181 a 45000010010000000030011000100080041000210350026000620820016000881000026001042450021001302600056001516500018002079420012002259520090002379980020003279990015003470000-8530ELIB.Books110520 1980  a(ELIB.Books)0000-8675 a225.6 bThi aThiselton, Anthony C. aThe Two Horizons bMichigan: Wm. B. Eerdmans Publishing Company c1980 aNew Testament 2ddccBK 00102ddc4070aKBTSbKBTSd2011-05-20l0p2909r2022-01-22 00:00:00w2022-01-22yBK cbate2011-05-20 c8530d8530